| 000 | 02301nam a2200277Ia 4500 | ||
|---|---|---|---|
| 003 | CO-CtgCURN | ||
| 005 | 20250329173538.0 | ||
| 008 | 200810s2016 xx 000 0 spa d | ||
| 020 | _a9786078341245 | ||
| 040 |
_aCO-CtgCURN _bspa _ccoctgcurn |
||
| 082 |
_a361.3 _bC355s |
||
| 100 |
_aCastro Guzmán, Martín _eautor _94752 |
||
| 245 | 0 |
_aSistematización en trabajo social: _bun proceso de construcción del conocimiento entre la práctica y la teoría _h[electronic resource] / _cMartín Castro Guzmán |
|
| 260 |
_aMéxico : _bUniversidad Autónoma de Yucatán, _c2016 |
||
| 300 | _arecurso en línea (202 páginas) : | ||
| 336 |
_atexto _btxt |
||
| 337 |
_acomputador _bc |
||
| 338 |
_arecurso en línea _bcr |
||
| 504 | _aIncluye referencias bibliográficas | ||
| 505 | _aFundamentos teóricos de sistematización en trabajo social -- La sistematización en trabajo social -- Reconceptualización y sistematización; alcances y significados -- La sistematización en trabajo social desde la teoría general de sistemas -- Guía para la sistematización de la práctica escolar en trabajo social -- Experiencia de sistematización en trabajo social -- Sistematización: "práctica escolar en la zona regional del cerro del judío, delegación de la magdalena contreras" -- Los campos prácticos en la universidad autónoma de Yucatán: una propuesta metodológica para la intervención profesional en trabajo social -- Sistematización del proceso de intervención del campo práctico de trabajo social en el ámbito escolar -- La sistematización desde una mirada interpretativa: la práctica comunitaria en tlatel xochitenco, municipio de chimalhuacán, estado de méxico -- Proceso de sistematización del proyecto de intervención ante el problema de donación y trasplantes de órganos en el estado de tlaxcala -- Modelo de sistematización: intervención en orientación vocacional con un enfoque en trabajo social en la educación media superior | ||
| 590 | _aPrograma de Trabajo Social_26 | ||
| 650 |
_aTrabajo social _94753 |
||
| 856 |
_uhttps://unicurn.sharepoint.com/:b:/s/biblioteca/EZtpc9bmx15BlIUYIcFUB8MB2VLTNHgrnluE_c-qaqjmhQ?e=1xlU97 _zVea este libro electrónico |
||
| 942 |
_cCF _h361.3 _iC355s _2ddc |
||
| 999 |
_c7848 _d7848 |
||